| 000 | 00787nam a22002417a 4500 | ||
|---|---|---|---|
| 999 |
_c12848 _d12848 |
||
| 003 | AR-CdUCM | ||
| 008 | 190305b ||||| |||| 00| 0 spa d | ||
| 040 |
_aMUNICIPALIDAD PROVINCIAL DEL CUSCO _cBIBLIOTECA MUNICIPAL DEL CUSCO |
||
| 082 |
_a808.83 / _bAL35 |
||
| 100 |
_aAlas Clarin, Leopoldo _930931 |
||
| 245 |
_aDoña Berta y otros relatos : _bprologo de Jose Maria Martinez Cachero / |
||
| 260 |
_aEspaña : _bSalvat editores, _bAlianza Editorial, _c1969. |
||
| 300 |
_a188 páginas ; _c18.5 cm. |
||
| 440 |
_aLIbro RTV _n38 _930932 |
||
| 500 | _aLiteratura | ||
| 650 |
_acuentos _93009 |
||
| 650 |
_aHistoria _9136 |
||
| 650 |
_aLiteratura _983 |
||
| 650 |
_aEspaña _9176 |
||
| 700 |
_aMartinez Cachero, Jose Maria _930933 |
||
| 942 |
_2ddc _cLIBROS |
||
| 945 |
_apjha _d2019-04-10 |
||